000 01068nam a2200241Ia 4500
003 Ost
005 20260507075124.0
008 260507s9999||||xx |||||||||||||| ||und||
020 _a8112358977
040 _cfsecg
041 _aara
082 _a330
100 _aسحنون، محمود
_eمؤلف
245 0 _aالإقتصاد الإسلامي :
_bالوقائع والأفكار الإقتصادية /
_c محمود سحنون
260 _aالقاهرة:
_bدار الفجر,
_c2006
300 _a238 صفحة؛
_c24 سم
520 _aالوقائع والأفكار الإقتصادية في عهد الرسول(ص)-الوقائع والأفكار الإقتصادية في عهد الخلفاء الراشدين-الوقائع والأفكار في التاريخ العربي الإسلامي
653 _aالأفكار الإقتصادية
653 _aالأفكار الإقتصادية الإسلامية
653 _aالإقتصاد الإسلامي
653 _aالتاريخ الإسلامي الإقتصادي
942 _cكتاب
999 _c43125
_d43125